| 000 | 01032nam a2200277 i 4500 | ||
|---|---|---|---|
| 001 | 5893 | ||
| 003 | ES-MaACL | ||
| 005 | 20250903231907.0 | ||
| 007 | t| | ||
| 008 | 890613s1989 sp ||||1| spa d | ||
| 020 | _a84-7658-165-3 | ||
| 080 | _a86(Diego,G.1.06) | ||
| 245 | 0 | 0 |
_aGerardo Diego _b: premio de literatura en lengua castellana "Miguel de Cervantes" (1979) / _c[Arturo del Villar... (et al.)]. |
| 250 | _a1a ed. | ||
| 260 |
_aBarcelona : _bAnthropos ; Madrid : Direccion General del Libro y Bibliotecas, _c1989. |
||
| 300 |
_a151 p. : _bfot. bl. y n. ; _c20 cm. |
||
| 490 | 1 |
_aAmbitos literarios. Premios Cervantes ; _v5 |
|
| 504 | _aBibliogr.: p. 129-147. | ||
| 600 | 1 | 4 |
_aDiego, Gerardo, _d1896-1987 _944545 |
| 700 | 1 |
_aVillar, Arturo del, _d1940- _9115066 |
|
| 710 | 1 |
_aEspaña. _bDirección General del Libro y Bibliotecas. _93788 |
|
| 830 | 0 | 0 |
_aÁmbitos literarios. _pPremios Cervantes ; _v5 _9236240 |
| 852 |
_aES-MaACL _jL-13024 _bR.116634 _z. - rust. |
||
| 942 | _2udc | ||
| 999 |
_c5893 _d5893 |
||